000 01234naa a22003257a 4500
001 BR8700538
003 BR-BrBNA
005 20240918175734.0
007 ta
008 230509b bl.||||| |||| 00| 0 por d
040 _aBR-BrBNA
_bpor
_cBiblioteca Nacional de Agricultura
041 _a(Pt)
072 _aH10
_b2120
_b4030
_b3872
_b3877
090 _aH10 BR8700538
100 1 _aD'Antonio, A.M.
100 1 _aPaula, V. de
111 1 _a10. Congresso Brasileiro de Pesquisas Cafeeiras
_cPocos de Caldas, MG (Brazil)
_d29 Aug 1983
245 1 _aAssociacao de acaricidas a inseticida piretroide visando controle ao acaro vermelho do cafeeiro, Olygonychus ilicis (Mc. Gregor, 1919)
260 3 _aRio de Janeiro, RJ (Brasil):
_c1983.
500 _aAnais do 10. Congresso Brasileiro de Pesquisas Cafeeiras Rio de Janeiro, RJ (Brasil): 1983. p. 264-265 (BR8700538-AM)H10
650 _aCAFE
650 _aINSETO
650 _aACARO
650 _aACARICIDA
650 _aINSETICIDA PIRETROIDE
650 _aCONTROLE QUIMICO
773 0 _tAnais do 10. Congresso Brasileiro de Pesquisas Cafeeiras
_wH10 BR8700538
_gRio de Janeiro, RJ (Brasil), 1983. p. 264-265
909 _a202404
_bLucia
_c55
_dLucia Elande
942 _cAM
_2AGRIS
999 _c317980
_d317980